[Event "USCL Week 7"]
[Site "Internet Chess Club"]
[Date "2012.10.15"]
[Round "?"]
[White "Simpson, Ron"]
[Black "Bregadze, Levan"]
[Result "0-1"]
[WhiteElo "2288"]
[BlackElo "2416"]
[PlyCount "56"]
[EventDate "2012.??.??"]

1. Nf3 Nf6 2. c4 e6 3. g3 b6 4. Bg2 Bb7 5. O-O c5 6. b3 Be7 7. Bb2 O-O 8. e3
Nc6 9. Nc3 d5 10. cxd5 Nxd5 11. Nxd5 exd5 12. d4 Bf6 13. Qe2 c4 14. Ne5 b5 15.
Rfd1 Re8 16. f4 Rc8 17. e4 Bxe5 18. fxe5 Nb4 19. Bc3 Nd3 20. Rab1 b4 21. bxc4
dxc4 22. d5 bxc3 23. Rxb7 Rb8 24. Rbb1 Rb2 25. Rxb2 cxb2 26. Qc2 Qb6+ 27. Kf1
Rb8 28. Rb1 Qe3 0-1

[Event "USCL Week 7"]
[Site "Internet Chess Club"]
[Date "2012.10.15"]
[Round "?"]
[White "Kannappan, Priyadharshan"]
[Black "Korley, Kassa"]
[Result "1-0"]
[WhiteElo "2457"]
[BlackElo "2353"]
[PlyCount "87"]
[EventDate "2012.??.??"]

1. e4 c5 2. Nf3 d6 3. d4 cxd4 4. Qxd4 Nc6 5. Bb5 Bd7 6. Bxc6 bxc6 7. h3 e5 8.
Qe3 Nf6 9. c4 Qb6 10. Nc3 Qxe3+ 11. Bxe3 c5 12. Bg5 Ng8 13. O-O-O h6 14. Bh4 g5
15. Bg3 Bc6 16. Rhe1 Nf6 17. Nd2 h5 18. h4 g4 19. Kc2 Bh6 20. Nb3 Rd8 21. Na5
Ba8 22. Rd3 Ke7 23. Nd5+ Nxd5 24. cxd5 f5 25. exf5 Rhf8 26. Nc6+ Bxc6 27. dxc6
Rc8 28. Bxe5 dxe5 29. Rxe5+ Kf7 30. Re6 Bf4 31. g3 Bb8 32. Rd7+ Kg8 33. Rg6+
Kh8 34. Rh6+ Kg8 35. Rg6+ Kh8 36. f6 Rc7 37. Rh6+ Kg8 38. Rxh5 Rxd7 39. cxd7
Bc7 40. Rxc5 Bd8 41. Rg5+ Kh7 42. Rg7+ Kh8 43. Re7 Kg8 44. h5 1-0

[Event "USCL Week 7"]
[Site "Internet Chess Club"]
[Date "2012.10.15"]
[Round "?"]
[White "Omori, Michael"]
[Black "Rosenthal, Nicholas"]
[Result "1-0"]
[WhiteElo "2171"]
[BlackElo "2146"]
[PlyCount "59"]
[EventDate "2012.??.??"]

1. e4 e6 2. d4 d5 3. Nc3 Nf6 4. Bg5 dxe4 5. Nxe4 Nbd7 6. Nxf6+ Nxf6 7. Nf3 h6
8. Be3 Qd5 9. Be2 Bd6 10. h3 Ne4 11. O-O Bd7 12. c4 Qf5 13. Bd3 Qh7 14. Ne5 f5
15. Nxd7 Kxd7 16. c5 Be7 17. Bxe4 fxe4 18. d5 Qf5 19. Qa4+ Kc8 20. d6 cxd6 21.
cxd6 Bxd6 22. Rac1+ Kb8 23. Rfd1 Qe5 24. g3 g5 25. Bd4 Qf5 26. Bxh8 Bc5 27.
Qe8+ Kc7 28. Rxc5+ Qxc5 29. Qd7+ Kb6 30. Bd4 1-0

[Event "USCL Week 7"]
[Site "Internet Chess Club"]
[Date "2012.10.15"]
[Round "?"]
[White "Cozianu, Costin"]
[Black "Perez, Robert"]
[Result "1/2-1/2"]
[WhiteElo "2508"]
[BlackElo "2504"]
[PlyCount "61"]
[EventDate "2012.??.??"]

1. d4 Nf6 2. c4 g6 3. Nf3 Bg7 4. g3 d5 5. Bg2 dxc4 6. O-O O-O 7. Na3 c3 8. bxc3
c5 9. e3 Nc6 10. Qe2 Nd5 11. Bb2 Nb6 12. Rad1 Qd5 13. c4 Qh5 14. dxc5 Bxb2 15.
Qxb2 Qxc5 16. h3 Nxc4 17. Nxc4 Qxc4 18. Nd4 Qa6 19. Nxc6 bxc6 20. Rc1 Bd7 21.
Rfd1 Rab8 22. Qd4 Rfd8 23. Rd2 Qb7 24. Rcd1 Qc7 25. Qc5 Be6 26. Rxd8+ Rxd8 27.
Rxd8+ Qxd8 28. Qxa7 c5 29. Qxc5 Bxa2 30. Qc2 Be6 31. h4 1/2-1/2

[Event "USCL Week 7"]
[Site "Internet Chess Club"]
[Date "2012.10.15"]
[Round "?"]
[White "Sadorra, Julio"]
[Black "Barcenilla, Rogelio"]
[Result "1-0"]
[WhiteElo "2598"]
[BlackElo "2583"]
[PlyCount "74"]
[EventDate "2012.??.??"]

1. d4 d5 2. c4 c6 3. Nf3 Nf6 4. cxd5 cxd5 5. Nc3 Nc6 6. Bf4 Bf5 7. e3 e6 8. Qb3
Bb4 9. Ne5 Qb6 10. Be2 Ne4 11. g4 Bg6 12. Nxc6 bxc6 13. f3 Nxc3 14. bxc3 Be7
15. O-O O-O 16. c4 c5 17. cxd5 cxd4 18. d6 Bf6 19. Qxb6 axb6 20. e4 d3 21. Bxd3
Bd4+ 22. Kg2 e5 23. Bd2 Bxa1 24. Rxa1 Rfd8 25. Bb4 f6 26. Rc1 Rxa2+ 27. Kg3 Bf7
28. Rc7 Be6 29. Rb7 Rb2 30. Rxb6 Rc8 31. Rb7 Rc1 32. Rb8+ Kf7 33. Rb7+ Kg6 34.
f4 Rg1+ 35. Kf3 Bxg4+ 36. Ke3 Rxh2 37. fxe5 fxe5 {White wins by forfeit} 1-0

[Event "USCL Week 7"]
[Site "Internet Chess Club"]
[Date "2012.10.15"]
[Round "?"]
[White "Becerra, Julio"]
[Black "Orlov, Georgi"]
[Result "1/2-1/2"]
[WhiteElo "2616"]
[BlackElo "2523"]
[PlyCount "85"]
[EventDate "2012.??.??"]

1. e4 c5 2. Nf3 e6 3. Nc3 a6 4. d4 cxd4 5. Nxd4 Qc7 6. Bd3 b5 7. O-O Nf6 8. Re1
Bc5 9. Be3 O-O 10. Qf3 Bb7 11. Qh3 d6 12. g4 g6 13. Nb3 Bxe3 14. Rxe3 Nbd7 15.
Qh4 b4 16. Ne2 d5 17. e5 Nxe5 18. Qxf6 Nxg4 19. Qh4 Nxe3 20. fxe3 e5 21. Ng3 e4
22. Bf1 f5 23. Ne2 Rae8 24. Qg3 Qg7 25. Nbd4 g5 26. Bh3 Bc8 27. Rf1 f4 28. exf4
Bxh3 29. Qxh3 gxf4+ 30. Kh1 Kh8 31. Nf5 Qg5 32. Rxf4 Re5 33. Nh4 Rg8 34. Rf1
Qd2 35. Nf4 Reg5 36. Nfg2 d4 37. Rg1 Qf2 38. Qe6 e3 39. Qe4 e2 40. Nf3 Rxg2 41.
Qe5+ R2g7 42. Rxg7 Rxg7 43. Qe8+ 1/2-1/2

[Event "USCL Week 7"]
[Site "Internet Chess Club"]
[Date "2012.10.15"]
[Round "?"]
[White "Yanayt, Eugene"]
[Black "Liou, Yian"]
[Result "1-0"]
[WhiteElo "2339"]
[BlackElo "2390"]
[PlyCount "95"]
[EventDate "2012.??.??"]

1. d4 d5 2. c4 c6 3. Nf3 Nf6 4. Nc3 a6 5. a4 e6 6. g3 dxc4 7. Bg2 c5 8. dxc5
Qxd1+ 9. Nxd1 Nc6 10. Ne3 Bxc5 11. Nxc4 Nd5 12. O-O Bd7 13. Nfe5 Nxe5 14. Nxe5
Bc6 15. Rd1 Ke7 16. Bd2 Rac8 17. Nxc6+ Rxc6 18. Bxd5 exd5 19. Bc3 d4 20. Bxd4
Bxd4 21. Rxd4 Rd8 22. Rad1 Rxd4 23. Rxd4 a5 24. Rd3 Rb6 25. b3 Rb4 26. Kg2 b5
27. axb5 Rxb5 28. e4 Rb4 29. Kf3 h5 30. h4 a4 31. bxa4 Rxa4 32. Kf4 g6 33. f3
Rb4 34. Kg5 Rb5+ 35. Kh6 Kf6 36. f4 Rb7 37. Ra3 Rb4 38. Ra6+ Ke7 39. e5 Rb3 40.
Kg7 Rxg3 41. Ra7+ Ke6 42. Rxf7 Rg4 43. Kf8 Rxh4 44. Rf6+ Kd5 45. e6 Rxf4 46.
Rxf4 Kxe6 47. Kg7 g5 48. Rf1 1-0

[Event "USCL Week 7"]
[Site "Internet Chess Club"]
[Date "2012.10.15"]
[Round "?"]
[White "Larson, Matthew"]
[Black "Jones, Craig"]
[Result "0-1"]
[WhiteElo "1918"]
[BlackElo "2249"]
[PlyCount "120"]
[EventDate "2012.??.??"]

1. d4 Nf6 2. c4 e6 3. g3 Bb4+ 4. Bd2 Qe7 5. Bg2 Nc6 6. Nf3 Bxd2+ 7. Nbxd2 d6 8.
O-O e5 9. d5 Nb8 10. e4 a5 11. Ne1 O-O 12. Nd3 Na6 13. f4 Nd7 14. a3 Nac5 15.
Nxc5 Nxc5 16. b4 Na6 17. Qb3 Bd7 18. f5 f6 19. Rfc1 Kh8 20. Rc3 c6 21. Rac1
axb4 22. axb4 c5 23. b5 Nb4 24. Rd1 Ra2 25. g4 Rfa8 26. Rh3 Nc2 27. Qg3 h6 28.
Nb1 Nd4 29. Bf1 Rb2 30. Nc3 Ra3 31. Qe1 Qd8 32. Rg3 Qa5 33. h4 Rc2 34. Rc1 Rxc1
35. Qxc1 Ra1 36. Qd2 Qa3 37. g5 Qc1 38. Qg2 Qf4 39. Rh3 Rc1 40. gxf6 gxf6 41.
Ne2 Rxf1+ 42. Qxf1 Qg4+ 43. Ng3 Nf3+ 44. Kf2 Be8 45. Ne2 Bh5 46. Rg3 Qxe4 47.
Qg2 Ng5 48. hxg5 Qxe2+ 49. Kg1 Qe1+ 50. Kh2 fxg5 51. Qa2 Kg7 52. Qc2 Qf1 53.
Rg2 Qf4+ 54. Kg1 Bf3 55. Rf2 g4 56. Qd3 Kf6 57. Qa3 h5 58. Qa8 Qc1+ 59. Rf1
Qe3+ 60. Rf2 Qe1+ 0-1

[Event "USCL Week 7"]
[Site "Internet Chess Club"]
[Date "2012.10.15"]
[Round "?"]
[White "Chakraborty, Dipro"]
[Black "Guenther, Travis"]
[Result "1-0"]
[WhiteElo "2306"]
[BlackElo "1969"]
[PlyCount "89"]
[EventDate "2012.??.??"]

1. d4 d5 2. c4 c6 3. Nf3 Nf6 4. Nc3 dxc4 5. a4 Bf5 6. Ne5 Nbd7 7. Nxc4 Nb6 8.
Ne5 a5 9. f3 Nfd7 10. e4 Nxe5 11. exf5 Ned7 12. d5 Nf6 13. dxc6 Qxd1+ 14. Kxd1
bxc6 15. Bd3 Rd8 16. Kc2 Nfd5 17. Nxd5 Nxd5 18. Bd2 g6 19. Rhe1 Ra8 20. Be4
gxf5 21. Bxf5 e6 22. Be4 Bg7 23. Rac1 O-O 24. Kb1 Rfb8 25. Rc2 Rb6 26. Ka2 Rab8
27. Rb1 Ra6 28. Rc5 Rab6 29. b3 Bf8 30. Rxa5 Bb4 31. Bxb4 Nxb4+ 32. Kb2 Rd8 33.
Kc3 Na2+ 34. Kc4 Rdb8 35. Ra1 Nb4 36. Rg5+ Kf8 37. a5 R6b7 38. a6 Ra7 39. Rga5
f5 40. R1a4 Nd5 41. Bxd5 exd5+ 42. Kc5 Rxb3 43. Kxc6 Rb2 44. Rb5 Rxg2 45. Rb8+
1-0

[Event "USCL Week 7"]
[Site "Internet Chess Club"]
[Date "2012.10.15"]
[Round "?"]
[White "Wheeler, Cameron"]
[Black "Casella, Michael"]
[Result "1-0"]
[WhiteElo "2200"]
[BlackElo "2308"]
[PlyCount "83"]
[EventDate "2012.??.??"]

1. c4 c5 2. g3 Nc6 3. Bg2 g6 4. Nc3 Bg7 5. Nf3 d6 6. O-O Qd7 7. Rb1 b6 8. a3
Bb7 9. d3 Nh6 10. e4 O-O 11. Nd5 f6 12. b4 e6 13. Nc3 f5 14. Ne2 Rae8 15. bxc5
dxc5 16. Bb2 Rd8 17. Bxg7 Kxg7 18. Nf4 Rfe8 19. Re1 fxe4 20. dxe4 Qe7 21. Qc1
Nd4 22. a4 Qc7 23. Nh5+ gxh5 24. Qg5+ Kh8 25. Qxh6 Nxf3+ 26. Bxf3 Rf8 27. Bxh5
Qg7 28. Qxg7+ Kxg7 29. a5 Rd2 30. f4 Ba6 31. axb6 axb6 32. Rxb6 Bxc4 33. Rd1
Rxd1+ 34. Bxd1 Rd8 35. Bg4 e5 36. fxe5 Bd3 37. Rb7+ Kg8 38. Be6+ Kh8 39. Bf5 h6
40. Rc7 c4 41. e6 Re8 42. Kf2 1-0

[Event "USCL Week 7"]
[Site "Internet Chess Club"]
[Date "2012.10.15"]
[Round "?"]
[White "Molner, Mackenzie"]
[Black "Holt, Conrad"]
[Result "1/2-1/2"]
[WhiteElo "2511"]
[BlackElo "2569"]
[PlyCount "84"]
[EventDate "2012.??.??"]

1. e4 e6 2. d4 d5 3. Nc3 Bb4 4. e5 c5 5. a3 Bxc3+ 6. bxc3 Ne7 7. Qg4 O-O 8. Bd3
Nbc6 9. Qh5 Ng6 10. Nf3 Qc7 11. Be3 c4 12. Bxg6 fxg6 13. Qg4 Qf7 14. Ng5 Qe8
15. h4 Bd7 16. Qe2 b5 17. g4 a5 18. h5 gxh5 19. Rxh5 h6 20. Nh3 Qg6 21. Nf4 Qe4
22. f3 Qh7 23. g5 Rxf4 24. Bxf4 Rf8 25. Be3 Be8 26. Rh2 h5 27. g6 Bxg6 28.
O-O-O b4 29. Rg1 bxa3 30. Rhg2 Rb8 31. Rxg6 a2 32. Kd2 Rb1 33. Rxg7+ Qxg7 34.
Rxg7+ Kxg7 35. Qg2+ Kf7 36. Bh6 a1=Q 37. Qg7+ Ke8 38. Qf8+ Kd7 39. Qd6+ Kc8 40.
Qxc6+ Kb8 41. Qd6+ Ka7 42. Qc7+ Ka6 1/2-1/2

[Event "USCL Week 7"]
[Site "Internet Chess Club"]
[Date "2012.10.15"]
[Round "?"]
[White "Rodriguez, Eric"]
[Black "Collyer, Curt"]
[Result "0-1"]
[WhiteElo "2383"]
[BlackElo "2294"]
[PlyCount "122"]
[EventDate "2012.??.??"]

1. d4 b6 2. c4 c5 3. d5 e5 4. Nc3 d6 5. g3 Nf6 6. Bg2 g6 7. e4 Bg7 8. Nge2 O-O
9. O-O Ne8 10. f4 exf4 11. gxf4 a6 12. a4 Ra7 13. Ra3 f5 14. Kh1 Re7 15. Ng3
Kh8 16. Rb3 Bd4 17. Nce2 Bf6 18. Nc3 Ng7 19. e5 dxe5 20. fxe5 Bxe5 21. Bg5 Bf6
22. Bxf6 Rxf6 23. Nce4 Rxe4 24. Bxe4 fxe4 25. Rxf6 Qxf6 26. Nxe4 Qe5 27. Qf3
Bf5 28. Re3 Qd4 29. Nd6 Nd7 30. Nf7+ Kg8 31. Nh6+ Kf8 32. Qg3 Qd1+ 33. Kg2 Qd2+
34. Kg1 Qd1+ 35. Kf2 Qd2+ 36. Kf1 Qd1+ 37. Kg2 Qd2+ 38. Qf2 Qxf2+ 39. Kxf2 Bc2
40. Rc3 Bd1 41. Rd3 Bc2 42. Rc3 Bd1 43. Ke1 Bh5 44. a5 Ne8 45. Re3 bxa5 46. Re6
Nef6 47. h3 Kg7 48. Ng4 Nxg4 49. hxg4 Bxg4 50. Rxa6 Kf7 51. Kd2 h5 52. Rxa5 h4
53. Ke3 g5 54. Ra1 Bf5 55. Rf1 Kf6 56. b4 cxb4 57. Kd4 b3 58. Rf2 g4 59. c5 g3
60. Re2 Nxc5 61. Kxc5 h3 0-1

[Event "USCL Week 7"]
[Site "Internet Chess Club"]
[Date "2012.10.15"]
[Round "?"]
[White "Safin, Artur"]
[Black "Atoufi, Pedram"]
[Result "1-0"]
[WhiteElo "2333"]
[BlackElo "2275"]
[PlyCount "135"]
[EventDate "2012.??.??"]

1. e4 e5 2. Nf3 Nc6 3. Bb5 a6 4. Ba4 Nf6 5. O-O Be7 6. Re1 b5 7. Bb3 d6 8. c3
O-O 9. h3 Na5 10. Bc2 d5 11. d4 Nxe4 12. Nxe5 f6 13. Nf3 Nc4 14. b3 Nb6 15. Bd3
Bb7 16. Qc2 f5 17. Ba3 Bxa3 18. Nxa3 Qd6 19. Qb2 c5 20. Ne5 cxd4 21. cxd4 f4
22. f3 Ng3 23. Nc2 Rae8 24. a4 bxa4 25. bxa4 Bc8 26. a5 Na8 27. Nb4 Nc7 28.
Rac1 Ne6 29. Rc6 Qd8 30. Bxa6 Bxa6 31. Rxa6 Nf5 32. Nc2 Qh4 33. Ng6 hxg6 34.
Raxe6 Ne3 35. Rxe8 Rxe8 36. Qc3 Qg5 37. Nxe3 fxe3 38. Kf1 Qf6 39. Qd3 Re4 40.
Rxe3 Rxd4 41. Qa3 Qh4 42. Qb3 Kh7 43. Re1 Qg3 44. Rd1 Rc4 45. Rxd5 Qc7 46. Rd1
Rc2 47. Kg1 Re2 48. Qd3 Ra2 49. a6 Qg3 50. Qf1 Qc7 51. Kh1 Qb6 52. Ra1 Rxa1 53.
Qxa1 Qa7 54. Qa4 g5 55. Qe4+ Kh6 56. Qc6+ Kh5 57. Qa4 Qe3 58. Qa1 Qa7 59. Kh2
Kh6 60. Qa2 Qc7+ 61. g3 Qa7 62. Kg2 Kg6 63. Qe6+ Kh7 64. h4 gxh4 65. gxh4 g6
66. Qa2 Kg7 67. Qb2+ Kh6 68. Qh8+ 1-0

[Event "USCL Week 7"]
[Site "Internet Chess Club"]
[Date "2012.10.15"]
[Round "?"]
[White "Zilberstein, Dmitry"]
[Black "Abrahamyan, Tatev"]
[Result "0-1"]
[WhiteElo "2467"]
[BlackElo "2432"]
[PlyCount "140"]
[EventDate "2012.??.??"]

1. d4 Nf6 2. Nf3 g6 3. c4 Bg7 4. Nc3 O-O 5. e4 d6 6. Be2 e5 7. O-O Nc6 8. d5
Ne7 9. b4 c6 10. Rb1 a5 11. a3 axb4 12. axb4 cxd5 13. cxd5 Bg4 14. Nd2 Bxe2 15.
Qxe2 Qd7 16. Qb5 Rfc8 17. Qxd7 Nxd7 18. Nb5 Ra6 19. Rb3 f5 20. f3 Bh6 21. Nc3
Nf6 22. Kf2 Ra1 23. Ke2 Rc7 24. Kd3 fxe4+ 25. fxe4 Kg7 26. Bb2 Ra6 27. Nb5 Rc8
28. Nf3 Ng4 29. Nxd6 Rxd6 30. Nxe5 Nf6 31. Nc4 Rcd8 32. Nxd6 Rxd6 33. Kc4 Bg5
34. e5 b5+ 35. Kxb5 Rxd5+ 36. Kc4 Ne4 37. Bc3 Nxc3 38. Rxc3 Rxe5 39. Rd3 Nf5
40. Kb3 Re4 41. Rfd1 Be7 42. Rd7 Rxb4+ 43. Kc3 Re4 44. g3 h5 45. Kd2 Kh6 46.
Rb1 Bg5+ 47. Kd3 Re3+ 48. Kc4 Re2 49. h4 Be7 50. Rg1 Re4+ 51. Kd5 Re3 52. g4
hxg4 53. Rxg4 Bxh4 54. Ra7 Re8 55. Rg1 g5 56. Ra6+ Kh5 57. Rf6 Ne3+ 58. Kd6 g4
59. Rf7 Kg6 60. Rf4 Kg5 61. Ra4 Bf2 62. Rb1 g3 63. Rb5+ Nf5+ 64. Kd7 Re7+ 65.
Kd8 g2 66. Ra1 Re1 67. Raa5 Bb6+ 68. Rxb6 g1=Q 69. Raa6 Qd4+ 70. Kc7 Re7+ 0-1

[Event "USCL Week 7"]
[Site "Internet Chess Club"]
[Date "2012.10.15"]
[Round "?"]
[White "Khachiyan, Melikset"]
[Black "Naroditsky, Daniel"]
[Result "0-1"]
[WhiteElo "2545"]
[BlackElo "2559"]
[PlyCount "156"]
[EventDate "2012.??.??"]

1. e4 c5 2. Nf3 d6 3. d4 cxd4 4. Nxd4 Nf6 5. Nc3 a6 6. Be3 e5 7. Nb3 Be6 8. Qd2
Nbd7 9. O-O-O Be7 10. f4 exf4 11. Bxf4 Ne5 12. Nd4 O-O 13. Nf5 Bxf5 14. exf5
Rc8 15. Kb1 Qc7 16. Bg5 b5 17. Bxf6 Bxf6 18. Nd5 Qd8 19. Be2 Bg5 20. Qd4 Nc6
21. Qb6 Re8 22. Bf3 Ne5 23. Qxd8 Bxd8 24. Rhe1 Bh4 25. Re3 Nxf3 26. Rxf3 Re2
27. g3 Rcxc2 28. Rb3 Bf6 29. Nxf6+ gxf6 30. Rxd6 Rc5 31. a4 bxa4 32. Rb8+ Kg7
33. Rxa6 Re1+ 34. Ka2 Rcc1 35. Ka3 Ra1+ 36. Kb4 Ra2 37. Kc3 Re3+ 38. Kc4 Re2
39. h4 Raxb2 40. Rxb2 Rxb2 41. Rxa4 Rf2 42. Kd4 Rf3 43. Ke4 Rxg3 44. Kf4 Rg1
45. Ra3 Rb1 46. Rg3+ Kh6 47. Rg4 Rb4+ 48. Kf3 Rb3+ 49. Kf4 Rh3 50. Ke4 Kh5 51.
Rg7 Rxh4+ 52. Kf3 Kh6 53. Rxf7 Kg5 54. Ra7 Kxf5 55. Ra5+ Kg6 56. Kg3 Rb4 57.
Kf3 h5 58. Kg3 Rg4+ 59. Kf3 Rg5 60. Ra4 Rb5 61. Kf4 Rb3 62. Ra8 h4 63. Kg4 h3
64. Ra2 f5+ 65. Kh4 Kf6 66. Ra6+ Ke5 67. Ra5+ Ke4 68. Ra4+ Kd5 69. Ra5+ Ke6 70.
Ra6+ Kd7 71. Ra7+ Kc6 72. Ra6+ Kb5 73. Ra2 Rf3 74. Ra1 Kc4 75. Ra4+ Kd3 76.
Ra3+ Ke2 77. Ra2+ Kf1 78. Rh2 Kg1 0-1

[Event "USCL Week 7"]
[Site "?"]
[Date "2012.10.17"]
[Round "?"]
[White "Erenburg, Sergey"]
[Black "Romanenko, Vladimir"]
[Result "1-0"]
[WhiteElo "2700"]
[BlackElo "2513"]
[PlyCount "77"]
[EventDate "2012.??.??"]

1. e4 c5 2. Nf3 Nc6 3. d4 cxd4 4. Nxd4 Nf6 5. Nc3 d6 6. Bg5 e6 7. Qd2 a6 8.
O-O-O Bd7 9. f3 Be7 10. h4 O-O 11. Kb1 Qc7 12. h5 Rfc8 13. h6 g6 14. Qf2 Ng4
15. Qh4 f6 16. Nxc6 Qxc6 17. Bc1 Ne5 18. f4 Nc4 19. Bxc4 Qxc4 20. e5 d5 21.
exf6 Bb4 22. Rh3 Kf7 23. Rhd3 Bxc3 24. Rxc3 Qe2 25. Rd2 Qe4 26. Rcd3 Qf5 27.
Rd4 Rc7 28. g4 Qxf6 29. Qf2 Rac8 30. b3 Kg8 31. Bb2 Qe7 32. Qe3 Qf8 33. f5 Rc6
34. Qe5 Qxh6 35. Rh2 Qf8 36. fxg6 Qf1+ 37. Bc1 Rxc2 38. gxh7+ Kf7 39. Rxc2 1-0

[Event "USCL Week 7"]
[Site "?"]
[Date "2012.10.17"]
[Round "?"]
[White "Vovsha, Eli"]
[Black "Bartell, Tom"]
[Result "1-0"]
[WhiteElo "2514"]
[BlackElo "2489"]
[PlyCount "195"]
[EventDate "2012.??.??"]

1. e4 c5 2. Nf3 Nc6 3. d4 cxd4 4. Nxd4 g6 5. c4 Nf6 6. Nc3 d6 7. Be2 Nxd4 8.
Qxd4 Bg7 9. Be3 O-O 10. Qd2 a5 11. Rd1 Be6 12. O-O a4 13. f4 Qa5 14. Bd4 Rfc8
15. b3 axb3 16. axb3 Qb4 17. f5 Bd7 18. Bxf6 Bxf6 19. Nd5 Qxd2 20. Nxf6+ exf6
21. Rxd2 Rc6 22. Rfd1 gxf5 23. Rxd6 Rxd6 24. Rxd6 Ra1+ 25. Kf2 Bc6 26. exf5 Rb1
27. Rxf6 Rxb3 28. Rd6 Kg7 29. h4 f6 30. g3 Rc3 31. Re6 Kf7 32. Bh5+ Kg7 33. Be2
Kf7 34. Bh5+ Kg7 35. Re7+ Kg8 36. Be2 h6 37. Re3 Rc2 38. Re6 Kf7 39. Ke3 Rc3+
40. Kf4 Rc1 41. Bh5+ Kg7 42. Be2 Kf7 43. Bh5+ Kg7 44. Re7+ Kg8 45. Be2 Rc2 46.
Ke3 Rc3+ 47. Bd3 Rc1 48. Rc7 Rg1 49. Kf4 Rd1 50. Ke3 Rg1 51. Kf4 Rd1 52. Be2
Re1 53. Rc8+ Kf7 54. Rc7+ Kf8 55. Ke3 Rg1 56. g4 Rh1 57. h5 Rh3+ 58. Kd4 Rh2
59. Ke3 Rh3+ 60. Kd2 Rh2 61. Kd3 Rh3+ 62. Kc2 Rh2 63. Kd1 Rh1+ 64. Kd2 Rh2 65.
Kd3 Rh3+ 66. Kd4 Rh2 67. Bd3 Rg2 68. Rh7 Rxg4+ 69. Kc3 Rg3 70. Rxh6 Ke7 71. Kd4
Rg4+ 72. Kc5 Rg3 73. Rh7+ Kf8 74. Kd4 Rg4+ 75. Kc3 Rg3 76. h6 Kg8 77. Re7 Rh3
78. Rg7+ Kh8 79. c5 Rxh6 80. Rf7 Bd5 81. Rd7 Bc6 82. Rf7 Bd5 83. Re7 Rh4 84.
Bb5 Kg8 85. Rd7 Be4 86. Bc4+ Kh8 87. Be6 Rf4 88. Rf7 Bxf5 89. Bxf5 Rxf5 90. Kc4
Kg8 91. Rxb7 Kf8 92. c6 Rf1 93. Kd5 Rc1 94. Kd6 Rd1+ 95. Ke6 Rc1 96. c7 f5 97.
Rb8+ Kg7 98. c8=Q 1-0

[Event "USCL Week 7"]
[Site "Internet Chess Club"]
[Date "2012.10.17"]
[Round "?"]
[White "Smith, Shaun"]
[Black "Costigan, Richard"]
[Result "1/2-1/2"]
[WhiteElo "2066"]
[BlackElo "2288"]
[PlyCount "157"]
[EventDate "2012.??.??"]

1. Nf3 Nf6 2. c4 c6 3. d4 d5 4. Nc3 dxc4 5. a4 Bf5 6. Ne5 Na6 7. f3 Nd7 8. Nxc4
e5 9. e4 exd4 10. Qxd4 Nb4 11. Na3 Be6 12. Be3 Qa5 13. Rd1 O-O-O 14. Qxa7 Qxa7
15. Bxa7 Bc5 16. Bxc5 Nxc5 17. Bc4 Nbd3+ 18. Bxd3 Nxd3+ 19. Ke2 Nxb2 20. Rb1
Nc4 21. Nxc4 Bxc4+ 22. Kf2 Rd2+ 23. Kg3 h5 24. h4 Rh6 25. Rb4 Rg6+ 26. Kf4 Rf6+
27. Kg3 Ba6 28. Rc1 Kb8 29. e5 Rg6+ 30. Kf4 c5 31. Rbb1 Rd4+ 32. Ne4 Bd3 33.
Rb2 Bxe4 34. fxe4 Rg4+ 35. Kf3 Rdxe4 36. Rxc5 Rxa4 37. Rcb5 Ra7 38. e6 fxe6 39.
Rxh5 Rg6 40. Rhb5 Rf6+ 41. Kg4 Ra4+ 42. Kh3 Ra7 43. R2b3 Kc8 44. Rc5+ Kb8 45.
Rcb5 Rf7 46. Rb6 Re7 47. Re3 Ra6 48. Rb5 Rd6 49. g4 Kc7 50. Reb3 b6 51. h5 e5
52. Re3 e4 53. Kh4 Rd3 54. Re1 e3 55. Rb2 Re5 56. Rbe2 Kc6 57. Kg3 Kd5 58. Kf3
Kd4 59. Rb1 b5 60. Rb4+ Kc3 61. Re4 Red5 62. R2xe3 b4 63. Rxd3+ Rxd3+ 64. Kf4
b3 65. Re1 b2 66. g5 Rd6 67. Kf5 Ra6 68. h6 gxh6 69. g6 Ra5+ 70. Kf6 Rg5 71.
Rh1 Rg2 72. g7 Kb3 73. Kf7 Ka2 74. Rxh6 b1=Q 75. Ra6+ Kb2 76. Rb6+ Kc1 77.
Rxb1+ Kxb1 78. g8=Q Rxg8 79. Kxg8 1/2-1/2

[Event "USCL Week 7"]
[Site "Internet Chess Club"]
[Date "2012.10.17"]
[Round "?"]
[White "Gulamali, Kazim"]
[Black "Benjamin, Joel"]
[Result "0-1"]
[WhiteElo "2419"]
[BlackElo "2646"]
[PlyCount "70"]
[EventDate "2012.??.??"]

1. e4 c6 2. d4 d5 3. f3 Qb6 4. Nc3 dxe4 5. Nxe4 Bf5 6. c3 Nd7 7. Bd3 e5 8. Ne2
exd4 9. Nxd4 Bg6 10. Bg5 Be7 11. Bxe7 Nxe7 12. Nd6+ Kf8 13. Nc4 Qc7 14. O-O Nc5
15. Bxg6 hxg6 16. f4 Rd8 17. Qg4 Nd5 18. Rad1 Kg8 19. Qf3 g5 20. g3 gxf4 21.
Nf5 g6 22. Qg4 b5 23. Ncd6 Rxd6 24. Nxd6 Qxd6 25. Rxf4 Ne6 26. Rf2 Qc5 27. Rdd2
Rh5 28. Kh1 Re5 29. Rfe2 Rf5 30. Re1 Kg7 31. Rde2 Nf6 32. Qh3 Ng5 33. Qg2 Ng4
34. h4 Nf2+ 35. Kh2 Nf3+ 0-1

[Event "USCL Week 7"]
[Site "Internet Chess Club"]
[Date "2012.10.17"]
[Round "?"]
[White "Wu, Christopher"]
[Black "Martirosov, Vadim"]
[Result "1/2-1/2"]
[WhiteElo "2304"]
[BlackElo "2345"]
[PlyCount "137"]
[EventDate "2012.??.??"]

1. e4 e5 2. Nf3 Nc6 3. Bb5 Nf6 4. d3 Bc5 5. c3 d6 6. O-O O-O 7. Nbd2 a6 8. Ba4
Ba7 9. h3 Ne7 10. Re1 Ng6 11. Nf1 Bd7 12. Ng3 Bxa4 13. Qxa4 Qd7 14. Qc2 Rfe8
15. Bg5 Qe6 16. d4 h6 17. d5 Qe7 18. Nf5 Qd8 19. Be3 Bxe3 20. Rxe3 Nf4 21. Kh2
g6 22. Nxh6+ Kg7 23. Ng5 Rf8 24. Nhxf7 Rxf7 25. Nxf7 Kxf7 26. g3 N4h5 27. c4
Qd7 28. Kg2 Rh8 29. Rh1 Qe7 30. b4 Nd7 31. Rc3 b6 32. Qa4 a5 33. a3 Kg7 34. Qc6
Ndf6 35. Re3 axb4 36. axb4 Rf8 37. Rc1 Ne8 38. c5 bxc5 39. bxc5 Qf7 40. Rc2
Nhf6 41. Qb5 Nxe4 42. cxd6 cxd6 43. Qe2 Nc5 44. Rxc5 dxc5 45. Rxe5 Kg8 46. f4
Nf6 47. Qc2 Nxd5 48. Qxc5 Nf6 49. Qc6 Qa2+ 50. Kg1 Qa1+ 51. Kg2 Qb2+ 52. Kg1
Qa1+ 53. Kg2 Qa8 54. Qxa8 Rxa8 55. Rg5 Ra2+ 56. Kf3 Ra3+ 57. Kg2 Ra2+ 58. Kf3
Kf7 59. f5 Ra3+ 60. Kg2 gxf5 61. Rxf5 Ke6 62. Rf3 Ra2+ 63. Rf2 Ra3 64. Rf3 Ra2+
65. Rf2 Ra3 66. Rf3 Ra2+ 67. Rf2 Ra3 68. Rf3 Ra2+ 69. Rf2 1/2-1/2

[Event "USCL Week 7"]
[Site "Internet Chess Club"]
[Date "2012.10.17"]
[Round "?"]
[White "Liu, Andrew"]
[Black "Burke, John Michael"]
[Result "1/2-1/2"]
[WhiteElo "2148"]
[BlackElo "2035"]
[PlyCount "217"]
[EventDate "2012.??.??"]

1. d4 Nf6 2. c4 g6 3. Nc3 d5 4. Nf3 Bg7 5. Bg5 Ne4 6. cxd5 Nxg5 7. Nxg5 e6 8.
Nf3 exd5 9. e3 O-O 10. Be2 c6 11. b4 Qd6 12. Qb3 Bg4 13. O-O f5 14. Ne1 Bxe2
15. Nxe2 Nd7 16. Nd3 Nf6 17. Rac1 Bh6 18. b5 Ne4 19. Rc2 Rfc8 20. Rfc1 Qe6 21.
Nef4 Bxf4 22. Nxf4 Qd7 23. bxc6 bxc6 24. Nd3 Qd6 25. f3 Nf6 26. Ne5 Rab8 27.
Qa4 c5 28. Rxc5 Rxc5 29. Rxc5 Rb1+ 30. Kf2 Rb2+ 31. Rc2 Qb6 32. Nd3 Rxc2+ 33.
Qxc2 Kg7 34. Nf4 Kf7 35. h3 g5 36. Ne2 Qe6 37. Qc7+ Qe7 38. Qc2 Qe6 39. Qc5 Qa6
40. Qc2 Qe6 41. Qd2 Qa6 42. Nc1 Qb6 43. Nd3 Ke7 44. Ne5 Nd7 45. Qc3 Nxe5 46.
dxe5 Ke6 47. Kg3 h5 48. f4 h4+ 49. Kf3 Qa6 50. Qc1 gxf4 51. exf4 d4 52. Qd1 Kd5
53. Qb3+ Kc5 54. Kf2 Qa5 55. Ke2 Qa6+ 56. Kf2 Qa5 57. Qc2+ Kd5 58. Ke2 Qb5+ 59.
Kf2 Qa5 60. Ke2 Qb5+ 61. Kd2 Qf1 62. Qb3+ Kc5 63. Qa3+ Kb6 64. Qf3 Qa6 65. Qb3+
Kc5 66. Qc2+ Kd5 67. a4 Qf1 68. Qb3+ Kc5 69. Qa3+ Kc4 70. Qf3 Qa1 71. Qc6+ Kb3
72. Qb5+ Ka3 73. Qd3+ Kb4 74. Ke2 Qg1 75. Qb5+ Kc3 76. Qc5+ Kb3 77. Qb5+ Kc3
78. Qd3+ Kb4 79. Qd2+ Kc4 80. Qd3+ Kb4 81. Kf3 Kxa4 82. e6 Qe1 83. Qxd4+ Kb5
84. Qd5+ Kb6 85. Qb3+ Kc6 86. Qc2+ Kd6 87. Qxf5 Qxe6 88. Qf8+ Kd7 89. Qg7+ Qe7
90. Qd4+ Ke6 91. Qc4+ Kf6 92. Qd4+ Kf5 93. Qd5+ Kg6 94. Qc6+ Kf5 95. g4+ hxg3
96. Qd5+ Kg6 97. Qd3+ Kf6 98. Kxg3 Qe1+ 99. Kg2 a5 100. Qb5 Qe4+ 101. Kg3 Qe3+
102. Kg4 Qg1+ 103. Kf3 Qh1+ 104. Kg3 Qg1+ 105. Kf3 Qh1+ 106. Kg3 Qg1+ 107. Kf3
Qh1+ 108. Kg3 Qg1+ 109. Kf3 1/2-1/2